| 000 | 00479pab a2200181 454500 | ||
|---|---|---|---|
| 008 | 180718b2009 xxu||||| |||| 00| 0 eng d | ||
| 100 | _aBanfi, Silvia | ||
| 245 | _aAn empirical analysis of child care demand in Switzerland | ||
| 260 | _c2009 | ||
| 300 | _ap.37-66. | ||
| 362 | _aMar | ||
| 650 | _aChild welfare - Switzerland | ||
| 650 | _aChild welfare | ||
| 700 | _aFarsi, Mehdi | ||
| 773 | _aAnnals of Public and Cooperative Economics | ||
| 908 | _aN | ||
| 909 | _a81594 | ||
| 999 |
_c81594 _d81594 |
||